[Event "chess.com SpeedChess Q2Sw"]
[Site "chess.com INT"]
[Date "2022.11.12"]
[Round "8"]
[White "Klukin, Kirill"]
[Black "Musovic, Armin"]
[Result "1-0"]
[WhiteTitle "IM"]
[BlackTitle "FM"]
[WhiteElo "2390"]
[BlackElo "2276"]
[WhiteFideId "24199273"]
[BlackFideId "939935"]
[EventDate "2022.11.12"]

1. d4 d5 2. c4 c5 3. cxd5 e6 4. Nf3 exd5 5. Nc3 Nc6 6. g3 Nf6 7. Bg2 h6 8. O-O
a6 9. dxc5 Bxc5 10. Bf4 O-O 11. Rc1 Ba7 12. Ne5 Re8 13. Nd3 Bg4 14. h3 Bh5 15.
g4 Bg6 16. Bg3 Ne4 17. Nxe4 dxe4 18. Nf4 Nd4 19. Nxg6 fxg6 20. e3 Nc6 21. Qb3+
Kh7 22. Qxb7 Ne5 23. Bxe4 Nd3 24. Rc7 Rg8 25. Rd7 Qf6 26. Bxd3 Rad8 27. Qxa7
Rxd7 28. Qxd7 Rd8 29. Bxg6+ Kxg6 30. Qf5+ Qxf5 31. gxf5+ Kxf5 32. Rc1 Rd2 33.
Rc5+ Ke4 34. Rc4+ Kf3 35. Rf4+ Ke2 36. Ra4 Rxb2 37. Rxa6 h5 38. Kg2 g5 39. h4
gxh4 40. Bxh4 Ke1 41. Ra5 Rc2 42. a4 Ra2 43. Bg3 Ke2 44. Ra8 1-0

[Event "chess.com SpeedChess Q2Sw"]
[Site "chess.com INT"]
[Date "2022.11.12"]
[Round "8"]
[White "Sellitti, Federico"]
[Black "Quispe Arteaga, Gabriel"]
[Result "0-1"]
[BlackTitle "FM"]
[WhiteElo "2176"]
[BlackElo "2374"]
[WhiteFideId "821829"]
[BlackFideId "32059809"]
[EventDate "2022.11.12"]

1. e4 c5 2. Nc3 d6 3. g3 Nc6 4. Bg2 h5 5. h3 g6 6. d3 Bg7 7. Be3 e5 8. Qd2 Be6
9. f4 Nge7 10. Nf3 Qd7 11. Ng5 O-O-O 12. Nxe6 fxe6 13. O-O Rdf8 14. Ne2 exf4 15.
gxf4 Bxb2 16. Rab1 Bd4 17. Bxd4 cxd4 18. c3 dxc3 19. Nxc3 d5 20. Rfc1 dxe4 21.
Nxe4 Qd4+ 22. Kh1 Nf5 23. Qa5 Rf7 24. Qb5 Rc7 25. Nc5 Ng3+ 26. Kh2 Qxf4 27. Nxe6
Nf1+ 28. Kg1 Qe3+ 29. Kxf1 Rf7+ 30. Bf3 Rxf3+ 0-1

[Event "chess.com SpeedChess Q2Sw"]
[Site "chess.com INT"]
[Date "2022.11.12"]
[Round "8"]
[White "Kabanova, Ekaterina"]
[Black "Kukula, Pawel"]
[Result "0-1"]
[WhiteTitle "WFM"]
[WhiteElo "2088"]
[BlackElo "2135"]
[WhiteFideId "24112917"]
[BlackFideId "1115081"]
[EventDate "2022.11.12"]

1. c4 Nf6 2. e3 g6 3. a3 Bg7 4. Nf3 O-O 5. Be2 d6 6. O-O e5 7. d3 Nc6 8. Nbd2 h6
9. Rb1 a5 10. b4 axb4 11. axb4 Be6 12. b5 Ne7 13. Qc2 Qd7 14. Bb2 Nh7 15. Ra1 f5
16. Rxa8 Rxa8 17. Ra1 Rf8 18. Ra7 b6 19. h4 g5 20. hxg5 hxg5 21. d4 g4 22. Nh2
f4 23. c5 g3 24. fxg3 fxg3 25. Nhf3 bxc5 26. dxc5 Qd8 27. cxd6 cxd6 28. Bd3 Nf6
29. Ng5 Bg4 30. Bg6 d5 31. Bxe5 Qb6 32. Bd4 Qd6 33. Qc7 Qxc7 34. Rxc7 Nxg6 35.
b6 Bc8 36. b7 Bxb7 37. Rxb7 Bh6 38. Ne6 Rf7 39. Rb8+ Kh7 40. Nf3 Ne4 41. Ne5
Nxe5 42. Bxe5 Bxe3+ 43. Kh1 Rf1# 0-1

[Event "chess.com SpeedChess Q2Sw"]
[Site "chess.com INT"]
[Date "2022.11.12"]
[Round "8"]
[White "Kazakov, Mikhail"]
[Black "Matveeva, Olga"]
[Result "1-0"]
[WhiteTitle "GM"]
[BlackTitle "WIM"]
[WhiteElo "2513"]
[BlackElo "2111"]
[WhiteFideId "14102749"]
[BlackFideId "24107018"]
[EventDate "2022.11.12"]

1. e4 e6 2. d4 d5 3. exd5 exd5 4. Bd3 Nf6 5. h3 c5 6. dxc5 Bxc5 7. Nf3 O-O 8.
O-O h6 9. c3 Nc6 10. Bc2 Re8 11. Nbd2 Ne4 12. Nb3 Bb6 13. Nbd4 Bd7 14. Be3 Qf6
15. Bb3 Be6 16. Nc2 Bc7 17. Bxd5 Rad8 18. c4 Bxd5 19. cxd5 Ne5 20. Re1 Nxf3+ 21.
Qxf3 Qxb2 22. Rac1 Rxd5 23. Bd4 Rxd4 24. Nxd4 Qxd4 25. Rxc7 f6 26. Rxb7 Kh7 27.
Qf5+ Kh8 28. Rb3 1-0

[Event "chess.com SpeedChess Q2Sw"]
[Site "chess.com INT"]
[Date "2022.11.12"]
[Round "8"]
[White "Bouget, Alexandre"]
[Black "Novik, Maxim"]
[Result "0-1"]
[WhiteTitle "FM"]
[BlackTitle "GM"]
[WhiteElo "2268"]
[BlackElo "2412"]
[WhiteFideId "681318"]
[BlackFideId "4102924"]
[EventDate "2022.11.12"]

1. d4 Nf6 2. c4 g6 3. Nc3 d5 4. cxd5 Nxd5 5. e4 Nxc3 6. bxc3 Bg7 7. Ba3 O-O 8.
Nf3 b6 9. Qb3 Bb7 10. Bc4 Nc6 11. Qc2 Na5 12. Bd3 c5 13. d5 Qd7 14. Rd1 e6 15.
c4 exd5 16. cxd5 f5 17. O-O fxe4 18. Bxe4 Rae8 19. Ng5 Qe7 20. Ne6 Rf7 21. Rfe1
Bf6 22. h4 Bxh4 23. g3 Bf6 24. Bxg6 hxg6 25. Qxg6+ Bg7 26. Ng5 Qxe1+ 27. Rxe1
Rxe1+ 28. Kh2 Bxd5 29. f3 Rfe7 30. g4 R1e2+ 31. Kg3 Nc4 32. Bc1 Ne5 33. Qh7+ Kf8
34. Bf4 Nf7 35. Nxf7 Bxf7 36. Bd6 Re6 37. Bxe7+ Rxe7 38. Qf5 c4 39. Qc8+ Re8 40.
Qc7 c3 41. Qxa7 c2 42. Qa3+ Kg8 43. Qc1 Rc8 44. f4 Bb2 0-1

[Event "chess.com SpeedChess Q2Sw"]
[Site "chess.com INT"]
[Date "2022.11.12"]
[Round "8"]
[White "Duda, Jan-Krzysztof"]
[Black "Yoo, Christopher Woojin"]
[Result "1-0"]
[WhiteTitle "GM"]
[BlackTitle "GM"]
[WhiteElo "2731"]
[BlackElo "2573"]
[WhiteFideId "1170546"]
[BlackFideId "30909694"]
[EventDate "2022.11.12"]

1. d4 Nf6 2. c4 e6 3. Nf3 d5 4. Nc3 Bb4 5. Qa4+ Nc6 6. e3 O-O 7. Qc2 Re8 8. Bd2
h6 9. O-O-O Bf8 10. a3 a5 11. Rg1 Bd7 12. g4 Nb4 13. axb4 axb4 14. Nb1 Ne4 15.
Be1 b3 16. Qd3 c5 17. Ne5 b5 18. cxd5 exd5 19. f3 c4 20. Qe2 Ra1 21. fxe4 Rxb1+
22. Kxb1 Qa8 23. Bc3 b4 24. Kc1 bxc3 25. bxc3 b2+ 26. Kd2 Rb8 27. Rb1 Qa2 28.
Bg2 Ba4 29. exd5 Qb3 30. Be4 Qxc3+ 31. Kxc3 Rb3+ 32. Kxc4 Rb4+ 33. Kc3 Rb3+ 34.
Kc2 Rb8+ 35. Kd2 Bb4+ 36. Kd3 1-0

[Event "chess.com SpeedChess Q2Sw"]
[Site "chess.com INT"]
[Date "2022.11.12"]
[Round "8"]
[White "Gorodetzky, David"]
[Black "Steinberg, Nitzan"]
[Result "0-1"]
[WhiteTitle "IM"]
[BlackTitle "GM"]
[WhiteElo "2495"]
[BlackElo "2537"]
[WhiteFideId "2813416"]
[BlackFideId "2801795"]
[EventDate "2022.11.12"]

1. c4 e6 2. Nc3 d5 3. d4 c5 4. e3 Nf6 5. Nf3 a6 6. a3 dxc4 7. Bxc4 b5 8. Bd3 Bb7
9. O-O Nbd7 10. Qe2 Bd6 11. Rd1 O-O 12. dxc5 Nxc5 13. Bc2 Qc7 14. e4 Ng4 15. h3
Ne5 16. Be3 Rac8 17. Rac1 Qe7 18. Bd4 Nc4 19. e5 Bb8 20. Bxc5 Rxc5 21. Ne4 Rcc8
22. Nd6 Bxd6 23. Qd3 g6 24. exd6 Qf6 25. d7 Rcd8 26. Qd4 e5 27. Qc3 Kg7 28. Bb3
Bxf3 29. gxf3 Nb6 30. Qc7 Nxd7 31. Kf1 Qxf3 32. Bd5 Qxh3+ 33. Bg2 Qf5 34. Rd6
Rc8 35. Qxc8 Rxc8 36. Rxc8 Qb1+ 37. Ke2 Nf6 38. Rd2 Nh5 39. Rdc2 Nf4+ 40. Kf3
Qd1+ 41. Kg3 Qg1 42. f3 h5 0-1

[Event "chess.com SpeedChess Q2Sw"]
[Site "chess.com INT"]
[Date "2022.11.12"]
[Round "8"]
[White "Gabrielian, Artur"]
[Black "Danielyan, Vahe"]
[Result "0-1"]
[WhiteTitle "GM"]
[BlackTitle "IM"]
[WhiteElo "2460"]
[BlackElo "2307"]
[WhiteFideId "4131002"]
[BlackFideId "13304828"]
[EventDate "2022.11.12"]

1. e4 d5 2. exd5 Qxd5 3. Nf3 Bg4 4. Be2 Nc6 5. h3 Bh5 6. Nc3 Qd7 7. O-O O-O-O 8.
Rb1 e6 9. b4 Bxb4 10. Ne5 Nxe5 11. Rxb4 Bxe2 12. Qxe2 Nc6 13. Ra4 Nf6 14. Ba3
Nd5 15. Rb1 Nb6 16. Rg4 Qxd2 17. Qf3 Ne5 18. Qg3 Nxg4 19. hxg4 a6 20. Bc5 h5 21.
Bxb6 cxb6 22. g5 h4 23. Qe5 h3 24. gxh3 Rh5 25. Ne4 Qd4 26. Qf4 f5 27. gxf6 Rf5
28. Qg4 Re5 29. Re1 gxf6 30. c3 Qd5 31. c4 Qd4 32. Re3 f5 0-1

[Event "chess.com SpeedChess Q2Sw"]
[Site "chess.com INT"]
[Date "2022.11.12"]
[Round "8"]
[White "Indjic, Aleksandar"]
[Black "Kravtsiv, Martyn"]
[Result "1-0"]
[WhiteTitle "GM"]
[BlackTitle "GM"]
[WhiteElo "2631"]
[BlackElo "2598"]
[WhiteFideId "911925"]
[BlackFideId "14113147"]
[EventDate "2022.11.12"]

1. d4 d5 2. c4 e6 3. Nf3 Nf6 4. Nc3 Nbd7 5. Bf4 Bb4 6. cxd5 exd5 7. e3 Ne4 8.
Qc2 g5 9. Be5 f6 10. Bg3 h5 11. h4 g4 12. Ng1 Nxg3 13. fxg3 Qe7 14. Kf2 Nb6 15.
Bd3 Be6 16. Nge2 O-O-O 17. Nf4 Bf7 18. Rhe1 Kb8 19. a3 Bxc3 20. Qxc3 Rde8 21. a4
Nc8 22. b4 Nd6 23. b5 Rc8 24. a5 c5 25. Rab1 c4 26. Bc2 Rhe8 27. Kg1 Ka8 28. Kh2
Qd7 29. b6 a6 30. Qa3 Qe7 31. Ba4 Ne4 32. Qxe7 Rxe7 33. Bc2 Nd2 34. Rbc1 c3 35.
Re2 Rc4 36. Bd3 Rc8 37. Rxd2 Rxe3 38. Rdc2 Kb8 39. Rxc3 Rxc3 40. Rxc3 Be8 41.
Rc7 1-0

[Event "chess.com SpeedChess Q2Sw"]
[Site "chess.com INT"]
[Date "2022.11.12"]
[Round "8"]
[White "Mikaelyan, Arman"]
[Black "Samadov, Read"]
[Result "1-0"]
[WhiteTitle "GM"]
[BlackTitle "FM"]
[WhiteElo "2556"]
[BlackElo "2450"]
[WhiteFideId "13304852"]
[BlackFideId "13417444"]
[EventDate "2022.11.12"]

1. d4 d5 2. Nf3 Nf6 3. Bf4 c5 4. e3 Nc6 5. Nbd2 Bg4 6. c3 e6 7. h3 Bxf3 8. Nxf3
Bd6 9. dxc5 Bxc5 10. Bd3 O-O 11. O-O Bd6 12. Bxd6 Qxd6 13. Qc2 Rac8 14. a3 Rfd8
15. Rad1 a6 16. Rfe1 Ne5 17. Nxe5 Qxe5 18. a4 g6 19. Bf1 Kg7 20. Qb3 Rc7 21. Rd4
Ne4 22. Qc2 Rdc8 23. a5 Rc5 24. Rb4 Nd6 25. Qa4 R8c7 26. Rd1 h5 27. Rb6 Nc8 28.
Rb4 Ne7 29. Qb3 Nc6 30. Rb6 Nxa5 31. Qb4 Nc4 32. Rxb7 a5 33. Qb3 a4 34. Qb4 Rxb7
35. Qxb7 a3 36. bxa3 Nxa3 37. Qe7 Rxc3 38. Ra1 Nc4 39. Ra8 Qd6 40. Qe8 Kf6 41.
Qh8+ Kf5 42. Qxc3 1-0

[Event "chess.com SpeedChess Q2Sw"]
[Site "chess.com INT"]
[Date "2022.11.12"]
[Round "8"]
[White "Ristic, Nebojsa M"]
[Black "Yuan, Qingyu"]
[Result "0-1"]
[WhiteTitle "IM"]
[WhiteElo "2335"]
[BlackElo "2373"]
[WhiteFideId "900850"]
[BlackFideId "8609772"]
[EventDate "2022.11.12"]

1. d4 d5 2. Bf4 Nf6 3. e3 e6 4. Nf3 Bd6 5. Bg3 O-O 6. Nbd2 c5 7. c3 Qc7 8. Bxd6
Qxd6 9. Ne5 Nfd7 10. f4 f6 11. Nxd7 Nxd7 12. Nf3 cxd4 13. cxd4 e5 14. Qd2 exf4
15. exf4 Re8+ 16. Kf2 Nb6 17. Bd3 Bg4 18. Rhe1 g6 19. h3 Bxf3 20. Kxf3 Kf7 21.
f5 g5 22. Re6 Rxe6 23. fxe6+ Qxe6 24. Re1 Qd6 25. Bxh7 Rh8 26. Bf5 Nc4 27. Qc1
Rh4 28. g3 Rxd4 29. Qc3 Ne5+ 30. Kf2 Rc4 31. Qb3 Qc5+ 32. Kf1 b6 33. Qd1 g4 34.
Qd2 Nf3 35. Be6+ Kg7 36. Qe3 Nxe1 37. Qe2 Nf3 38. Bxg4 Qg1# 0-1

[Event "chess.com SpeedChess Q2Sw"]
[Site "chess.com INT"]
[Date "2022.11.12"]
[Round "8"]
[White "Ozen, Bahadir"]
[Black "Stribuk, Artiom"]
[Result "0-1"]
[WhiteTitle "IM"]
[BlackTitle "FM"]
[WhiteElo "2369"]
[BlackElo "2312"]
[WhiteFideId "6337058"]
[BlackFideId "13515659"]
[EventDate "2022.11.12"]

1. g3 Nf6 2. Bg2 g6 3. Nf3 Bg7 4. O-O O-O 5. d3 d5 6. c3 c5 7. Bf4 Nc6 8. Ne5
Bd7 9. Nxc6 Bxc6 10. Be5 Bh6 11. Bxf6 exf6 12. d4 c4 13. Nd2 f5 14. e3 Rc8 15.
b3 Bb5 16. bxc4 Bxc4 17. Nxc4 Rxc4 18. Rb1 b6 19. Rb5 Rxc3 20. Rxd5 Qe7 21. Qa4
Qa3 22. Qxa3 Rxa3 23. Rc1 Rxe3 24. Rc7 Re1+ 25. Bf1 Rd1 26. Rxa7 Rc8 27. Kg2 Rd2
28. Ra3 Bg7 29. Rd6 Bxd4 30. Rf3 Rcc2 31. Kh3 Bxf2 32. Rxd2 Rxd2 33. a4 h5 34.
Bc4 Bg1 35. Kh4 Rxh2+ 36. Kg5 Kg7 37. Rd3 Re2 38. Kf4 Re4+ 0-1

[Event "chess.com SpeedChess Q2Sw"]
[Site "chess.com INT"]
[Date "2022.11.12"]
[Round "8"]
[White "Sarana, Alexey"]
[Black "Ivic, Velimir"]
[Result "1-0"]
[WhiteTitle "GM"]
[BlackTitle "GM"]
[WhiteElo "2668"]
[BlackElo "2560"]
[WhiteFideId "24133795"]
[BlackFideId "950122"]
[EventDate "2022.11.12"]

1. c4 c6 2. Nf3 d5 3. d4 Nf6 4. Nc3 e6 5. e3 Nbd7 6. Bd3 dxc4 7. Bxc4 b5 8. Bd3
Bd6 9. Qc2 O-O 10. O-O Bb7 11. e4 e5 12. Bg5 a6 13. dxe5 Nxe5 14. Nxe5 Bxe5 15.
f4 Bd4+ 16. Kh1 h6 17. Bh4 Qb6 18. Qe2 c5 19. e5 Nd5 20. Ne4 Ne3 21. Rf3 c4 22.
Nf6+ Kh8 23. Be4 Bxe4 24. Nxe4 Nf5 25. Rh3 Qc6 26. Re1 Rae8 27. Qg4 Qg6 28. Qe2
Nxh4 29. Rxh4 f6 30. Nd6 Re7 31. f5 Qg5 32. Rxd4 Rxe5 33. Re4 Rd5 34. Re8 1-0

[Event "chess.com SpeedChess Q2Sw"]
[Site "chess.com INT"]
[Date "2022.11.12"]
[Round "8"]
[White "Lakshmi, C"]
[Black "Ezat, Mohamed"]
[Result "0-1"]
[WhiteTitle "WFM"]
[BlackTitle "IM"]
[WhiteElo "1956"]
[BlackElo "2404"]
[WhiteFideId "25035347"]
[BlackFideId "10600906"]
[EventDate "2022.11.12"]

1. e4 e5 2. Nf3 Nc6 3. Bb5 Nge7 4. d4 exd4 5. Nxd4 Nxd4 6. Qxd4 c6 7. Bc4 d5 8.
exd5 cxd5 9. Bb3 Be6 10. Nc3 Nc6 11. Qd3 d4 12. Bxe6 dxc3 13. Qxd8+ Rxd8 14. Bb3
cxb2 15. Bxb2 Bb4+ 16. c3 Bc5 17. O-O O-O 18. Rad1 Ne5 19. Bd5 Rfe8 20. c4 Kf8
21. g3 Ng4 22. Rd2 b5 23. h3 Ne5 24. Bxe5 Rxe5 25. Rfd1 b4 26. Kg2 g6 27. Bf3
Rxd2 28. Rxd2 Ke7 29. Rd5 Rxd5 30. Bxd5 a5 31. Bc6 Kd6 32. Be8 Ke5 33. h4 Kd4
34. h5 Kc3 35. Bxf7 gxh5 36. Bg8 a4 0-1

[Event "chess.com SpeedChess Q2Sw"]
[Site "chess.com INT"]
[Date "2022.11.12"]
[Round "8"]
[White "Mezhlumyan, Vahram"]
[Black "Ter-Sahakyan, Samvel"]
[Result "0-1"]
[WhiteTitle "FM"]
[BlackTitle "GM"]
[WhiteElo "2208"]
[BlackElo "2605"]
[WhiteFideId "13302183"]
[BlackFideId "13302531"]
[EventDate "2022.11.12"]

1. d4 Nf6 2. c4 e6 3. Nf3 d5 4. Nc3 c6 5. Bg5 h6 6. Bh4 dxc4 7. e3 b5 8. Be2 Bb7
9. a4 a6 10. O-O Nbd7 11. Qc2 Be7 12. Ne5 O-O 13. f4 Nd5 14. Bf2 Nxe5 15. fxe5
c5 16. Bf3 Nb4 17. Qe2 Qd7 18. Rfd1 Nd3 19. Be4 Bxe4 20. Nxe4 Qd5 21. Qg4 Nxf2
22. Kxf2 cxd4 23. exd4 h5 24. Qf3 f5 25. Ng3 Qxf3+ 26. gxf3 h4 27. Ne2 Rfd8 28.
Nf4 Kf7 29. d5 exd5 30. e6+ Ke8 31. Nxd5 Rac8 32. axb5 axb5 33. f4 b4 34. Kf3
Rc5 35. Ne3 c3 36. bxc3 Rxc3 0-1

[Event "chess.com SpeedChess Q2Sw"]
[Site "chess.com INT"]
[Date "2022.11.12"]
[Round "8"]
[White "Svane, Frederik"]
[Black "Tabatabaei, M. Amin"]
[Result "0-1"]
[WhiteTitle "GM"]
[BlackTitle "GM"]
[WhiteElo "2568"]
[BlackElo "2655"]
[WhiteFideId "12923044"]
[BlackFideId "12521213"]
[EventDate "2022.11.12"]

1. e4 c5 2. Nf3 d6 3. Bb5+ Nd7 4. a4 Nf6 5. Nc3 g6 6. O-O a6 7. Be2 Bg7 8. a5 b5
9. axb6 Qxb6 10. d3 a5 11. Nd2 O-O 12. Nc4 Qc7 13. f4 Bb7 14. f5 Nb6 15. Nxb6
Qxb6 16. Kh1 Bc6 17. Ra2 a4 18. Be3 Nd7 19. Qd2 a3 20. Rxa3 Qxb2 21. Rb3 Bxc3
22. Rxc3 Ra1 23. Rb3 Rxf1+ 24. Bxf1 Qa1 25. Qc1 Qxc1 26. Bxc1 Ra8 27. Bb2 Ba4
28. Rb7 Kf8 29. fxg6 hxg6 30. Be2 Ke8 31. c4 Kd8 32. h4 Kc8 33. Rxd7 Bxd7 34.
Bg7 Ra2 35. Bf3 f5 36. exf5 Bxf5 37. Be4 Bxe4 38. dxe4 Re2 39. Kh2 Rxe4 40. Kh3
Kd7 0-1

[Event "chess.com SpeedChess Q2Sw"]
[Site "chess.com INT"]
[Date "2022.11.12"]
[Round "8"]
[White "Chigaev, Maksim"]
[Black "Vidit, Santosh Gujrathi"]
[Result "1-0"]
[WhiteTitle "GM"]
[BlackTitle "GM"]
[WhiteElo "2632"]
[BlackElo "2724"]
[WhiteFideId "4108116"]
[BlackFideId "5029465"]
[EventDate "2022.11.12"]

1. c4 e5 2. g3 d5 3. cxd5 Qxd5 4. Nf3 Nc6 5. Nc3 Qd8 6. Bg2 Nf6 7. d3 Bd6 8. O-O
h6 9. a3 a5 10. Bd2 O-O 11. Rc1 Re8 12. Nb5 Be6 13. Bc3 a4 14. e4 Qd7 15. Nxd6
Qxd6 16. Nxe5 Bb3 17. Nc4 Bxc4 18. dxc4 Qxd1 19. Rfxd1 Nxe4 20. Rd7 Rac8 21. h3
Nxc3 22. Rxc3 Re1+ 23. Bf1 Ne5 24. Rd2 Re8 25. Kg2 g5 26. c5 c6 27. Rd4 Rb1 28.
Rb4 Re7 29. Re3 f6 30. Be2 Rd7 31. f4 gxf4 32. gxf4 Ng6 33. Bd3 Kf7 34. Bxb1 1-0

[Event "chess.com SpeedChess Q2Sw"]
[Site "chess.com INT"]
[Date "2022.11.12"]
[Round "8"]
[White "Yeletsky, Ivan"]
[Black "Svane, Rasmus"]
[Result "0-1"]
[WhiteTitle "FM"]
[BlackTitle "GM"]
[WhiteElo "2491"]
[BlackElo "2619"]
[WhiteFideId "24180327"]
[BlackFideId "4657101"]
[EventDate "2022.11.12"]

1. e4 c6 2. d4 d5 3. e5 Bf5 4. h4 h5 5. Bd3 Bxd3 6. Qxd3 Qa5+ 7. Nd2 e6 8. Nf3
Nh6 9. O-O Nf5 10. Nb3 Qa6 11. Qd1 b6 12. Bg5 c5 13. c3 Nc6 14. dxc5 Bxc5 15.
Re1 Qc4 16. Nh2 Be7 17. Nd2 Qd3 18. Nhf3 Bxg5 19. Nxg5 Nxh4 20. Qa4 b5 21. Qxh4
Qxd2 22. Rad1 Qc2 23. b3 Qf5 24. c4 bxc4 25. bxc4 d4 26. Re4 Nxe5 27. Rexd4 Ng6
28. Qg3 O-O 29. Rd7 h4 30. Qe3 Rac8 31. Ne4 Rc6 32. c5 a5 33. R7d6 Rc7 34. f3
Qe5 35. Qd4 Rfc8 36. Rd8+ Kh7 37. Qxe5 Nxe5 0-1

[Event "chess.com SpeedChess Q2Sw"]
[Site "chess.com INT"]
[Date "2022.11.12"]
[Round "8"]
[White "Biastoch, Bennet"]
[Black "Sattarov, Bobir"]
[Result "1-0"]
[WhiteTitle "FM"]
[WhiteElo "2232"]
[BlackElo "2433"]
[WhiteFideId "12939889"]
[BlackFideId "14203081"]
[EventDate "2022.11.12"]

1. e4 e5 2. Nf3 Nc6 3. Bc4 Bc5 4. c3 Qf6 5. b4 Bb6 6. a4 a6 7. d3 h6 8. Nbd2 d6
9. Nf1 Bg4 10. h3 Bxf3 11. Qxf3 Qxf3 12. gxf3 Nge7 13. Be3 a5 14. Bxb6 cxb6 15.
b5 Nd8 16. Ne3 Ne6 17. Bd5 Rc8 18. Kd2 Rc7 19. Bxe6 fxe6 20. Nc4 Nc8 21. Rhg1
O-O 22. Rg3 Rcf7 23. Ke3 Kh7 24. Rag1 g5 25. h4 gxh4 26. Rh3 Rf4 27. Ke2 Rg8 28.
Rgh1 Rg5 29. Ne3 Ne7 30. Nc4 d5 31. Nxb6 Ng6 32. Ke3 dxe4 33. dxe4 Rf7 34. Rc1
Rf8 35. c4 Rd8 36. Rhh1 Nf4 37. Rhd1 Rgg8 38. c5 h3 39. c6 bxc6 40. bxc6 Rb8 41.
Rd7+ Kh8 42. c7 Rbf8 43. c8=Q Rxc8 44. Nxc8 h2 45. Rh1 Rxc8 46. Rxh2 h5 47. Rh1
Rc4 48. Rb1 Rc8 49. Rbb7 Kg8 50. Rg7+ Kf8 51. Rbf7+ Ke8 52. Ra7 Kf8 53. Rgf7+
Kg8 54. Rg7+ Kf8 55. Rgc7 Rd8 56. Rd7 Rc8 57. Rxa5 Rc3+ 58. Kd2 Rc8 59. Rxe5 h4
60. Rh7 Rd8+ 61. Kc2 Ng6 62. Rg5 1-0

[Event "chess.com SpeedChess Q2Sw"]
[Site "chess.com INT"]
[Date "2022.11.12"]
[Round "8"]
[White "Aaditya, Dhingra"]
[Black "Kosakowski, Jakub"]
[Result "0-1"]
[WhiteTitle "CM"]
[BlackTitle "IM"]
[WhiteElo "2172"]
[BlackElo "2475"]
[WhiteFideId "25678191"]
[BlackFideId "1185080"]
[EventDate "2022.11.12"]

1. Nf3 d5 2. g3 Nd7 3. d4 Nb6 4. Bg2 Bf5 5. O-O h6 6. Nbd2 e6 7. Re1 Nf6 8. Ne5
Be7 9. e4 Bh7 10. c3 c6 11. a4 a5 12. exd5 cxd5 13. Nf1 O-O 14. Ne3 Ne4 15. f3
Nd6 16. N3g4 Rc8 17. h4 Nbc4 18. Nxc4 Nxc4 19. Bf1 Qb6 20. b3 Nd6 21. Bd2 Nf5
22. Kh2 Qc7 23. f4 Nd6 24. Nf2 Rfe8 25. Bg2 Bf8 26. Re3 b5 27. axb5 Nxb5 28. Qe2
Nd6 29. Qe1 Rb8 30. Qd1 Qb7 31. c4 Nf5 32. Rd3 Qd7 33. c5 Rb5 34. Bxa5 Reb8 35.
Bb6 Ne7 36. Rc3 Nc6 37. Bf1 Rb4 38. Nd3 Rxd4 39. Qe1 Re4 40. Qf2 d4 41. Rcc1 Re3
42. Rd1 Be4 43. b4 Bxd3 44. Bxd3 g6 0-1

[Event "chess.com SpeedChess Q2Sw"]
[Site "chess.com INT"]
[Date "2022.11.12"]
[Round "8"]
[White "Ankerst, Mihael"]
[Black "Erdogdu, Mert"]
[Result "0-1"]
[WhiteTitle "FM"]
[BlackTitle "GM"]
[WhiteElo "2370"]
[BlackElo "2413"]
[WhiteFideId "14602369"]
[BlackFideId "6301495"]
[EventDate "2022.11.12"]

1. e4 c5 2. Nf3 d6 3. d4 cxd4 4. Nxd4 Nf6 5. Nc3 a6 6. Bc4 e6 7. Bb3 Nbd7 8. f4
Nc5 9. f5 Bd7 10. Qf3 b5 11. fxe6 fxe6 12. Bg5 Be7 13. e5 dxe5 14. Nc6 Bxc6 15.
Qxc6+ Kf7 16. Bxf6 gxf6 17. O-O Qd4+ 18. Kh1 Rac8 19. Qf3 h5 20. Rad1 Qg4 21.
Qf2 h4 22. h3 Qg3 23. Qe2 Rcd8 24. Ne4 Nxe4 25. Qxe4 Rhg8 26. Qc6 Bd6 27. Rd3
Qg5 28. Rfd1 e4 29. Qxe4 Bc7 30. Qxe6+ Kg6 31. Rd7 Rgf8 32. R1d5 Qc1+ 33. Rd1
Qxd1+ 0-1

[Event "chess.com SpeedChess Q2Sw"]
[Site "chess.com INT"]
[Date "2022.11.12"]
[Round "8"]
[White "Darini, Pouria"]
[Black "Ljukin, Sergei"]
[Result "1-0"]
[WhiteTitle "GM"]
[BlackTitle "FM"]
[WhiteElo "2405"]
[BlackElo "2362"]
[WhiteFideId "12502200"]
[BlackFideId "14102200"]
[EventDate "2022.11.12"]

1. e4 e6 2. d4 d5 3. Nc3 Bb4 4. e5 Ne7 5. a3 Bxc3+ 6. bxc3 c5 7. h4 Qc7 8. h5 h6
9. Bd2 Bd7 10. a4 Nbc6 11. Nf3 O-O 12. Bd3 c4 13. Be2 f6 14. exf6 Rxf6 15. Qc1
Raf8 16. O-O Be8 17. Nh4 Nf5 18. Nxf5 Rxf5 19. f4 g6 20. g4 R5f6 21. hxg6 Bxg6
22. Rf2 Be4 23. Qf1 e5 24. dxe5 Nxe5 25. Qh3 Ng6 26. f5 Ne5 27. Bxh6 Qh7 28. Rh2
R6f7 29. Bxf8 Qxh3 30. Rxh3 Kxf8 31. Re3 Nd7 32. Bxc4 Nf6 33. Be2 Rg7 34. Rg3
Bxc2 35. Rf1 Be4 36. Kf2 Nd7 37. Ke3 Ne5 38. Kf4 Nd7 39. g5 1-0

[Event "chess.com SpeedChess Q2Sw"]
[Site "chess.com INT"]
[Date "2022.11.12"]
[Round "8"]
[White "Fernandez Siles, Luis"]
[Black "Janaszak, Dawid"]
[Result "1-0"]
[WhiteTitle "FM"]
[BlackTitle "FM"]
[WhiteElo "2220"]
[BlackElo "2322"]
[WhiteFideId "2209420"]
[BlackFideId "1119206"]
[EventDate "2022.11.12"]

1. e4 c5 2. Nf3 Nc6 3. Bb5 g6 4. O-O Bg7 5. Re1 e5 6. b4 d6 7. Bb2 cxb4 8. a3
bxa3 9. Nxa3 Ne7 10. d4 O-O 11. Nc4 Bg4 12. d5 Nb8 13. h3 Bxf3 14. Qxf3 a6 15.
Ne3 Nd7 16. Bxd7 Qxd7 17. Ba3 b5 18. c4 Rac8 19. Rec1 f5 20. Qe2 fxe4 21. cxb5
axb5 22. Bb4 Bh6 23. Rxc8 Rxc8 24. Ng4 Bg7 25. Qxe4 Rc4 26. Ra8+ Nc8 27. Qe1 Qb7
28. Ra1 e4 29. Rd1 h5 30. Ne3 Rd4 31. Rc1 Ne7 32. Bxd6 Nxd5 33. Nxd5 Qxd5 34.
Bb4 Qb3 35. Bc3 Rc4 36. Bxg7 Kxg7 37. Rd1 Rc7 38. Rd6 Qc4 39. Kh2 Qc5 40. Qd2
Qe5+ 41. g3 h4 42. Rd5 hxg3+ 43. fxg3 Qc3 44. Rd7+ Kf6 45. Qf4+ Ke6 46. Qd6+ Kf5
47. Rf7+ Kg5 48. Qf4+ 1-0